[Event "4NCL Division 3"]
[Site "Daventry Court ENG"]
[Date "2015.05.02"]
[Round "9.189"]
[White "Fogg, Martin"]
[Black "Bak, Andrew"]
[Result "1-0"]
[WhiteElo "1927"]
[BlackElo "2050"]
[PlyCount "59"]
[EventDate "2015.05.02"]
[WhiteTeam "Anglian Avengers 2"]
[BlackTeam "Bradford DCA Knights A"]

1. e4 c5 2. Nf3 Nc6 3. d4 cxd4 4. Nxd4 Nf6 5. Nc3 e5 6. Ndb5 d6 7. Bg5 a6 8.
Na3 b5 9. Nd5 Be7 10. Bxf6 Bxf6 11. c3 O-O 12. Nc2 Bg5 13. Bd3 f5 14. exf5 Bxf5
15. Bxf5 Rxf5 16. Nce3 Rf7 17. O-O Rc8 18. Qd3 Qa5 19. Nf5 Rd8 20. b4 Qa3 21.
Rfb1 Nxb4 22. Rxb4 Rdf8 23. Nxd6 Rxf2 24. Ne4 Rxa2 25. Rd1 Bh4 26. g3 Bd8 27.
Rbb1 Qa4 28. Rf1 Rxf1+ 29. Rxf1 Qc2 30. Ne7+ 1-0

[Event "4NCL Division 3"]
[Site "Daventry Court ENG"]
[Date "2015.05.02"]
[Round "9.190"]
[White "Slinger, AJ (Tony)"]
[Black "Hall, Antony"]
[Result "1/2-1/2"]
[WhiteElo "1930"]
[BlackElo "1905"]
[PlyCount "34"]
[EventDate "2015.05.02"]
[WhiteTeam "Bradford DCA Knights A"]
[BlackTeam "Anglian Avengers 2"]

1. e4 d6 2. d4 Nf6 3. Nc3 g6 4. Be3 Bg7 5. Qd2 c6 6. Nf3 Qa5 7. Bd3 Nbd7 8. h3
O-O 9. Bh6 e5 10. Bxg7 Kxg7 11. O-O Qc7 12. a4 Re8 13. Rfe1 Nf8 14. dxe5 dxe5
15. a5 Be6 16. Qe3 N6d7 17. Ng5 f6 1/2-1/2

[Event "4NCL Division 3"]
[Site "Daventry Court ENG"]
[Date "2015.05.02"]
[Round "9.195"]
[White "Fraser Mitchell, Jeremy"]
[Black "Prasath, Malola TS"]
[Result "0-1"]
[WhiteElo "2052"]
[BlackElo "2057"]
[PlyCount "112"]
[EventDate "2015.05.02"]
[WhiteTeam "MK Phoenix 2"]
[BlackTeam "North East England 2"]

1. d4 Nc6 2. Nf3 d6 3. e4 a6 4. Be2 g6 5. O-O Bg7 6. c3 Nf6 7. Nbd2 Nh5 8. Re1
Nf4 9. Bf1 e5 10. Nb3 O-O 11. Be3 h6 12. g3 Nh3+ 13. Kh1 Bg4 14. Bxh3 Bxh3 15.
Qd2 Kh7 16. Ng1 Bg4 17. f3 Bc8 18. Rad1 f5 19. Qg2 fxe4 20. fxe4 Bg4 21. Rd2
Qe7 22. d5 Nd8 23. Rf1 Nf7 24. Rdf2 Ng5 25. Rxf8 Rxf8 26. Rxf8 Bxf8 27. Nd2 Qf6
28. h3 Bd7 29. Kh2 Be7 30. Qf2 c6 31. Qxf6 Bxf6 32. c4 h5 33. Kg2 cxd5 34. cxd5
Bb5 35. Ngf3 Nf7 36. b3 Bd8 37. Kf2 g5 38. g4 Kg6 39. Kg3 Bd3 40. Ne1 Be2 41.
gxh5+ Kxh5 42. Nef3 Ba5 43. Kf2 Bd3 44. Ba7 Bb4 45. Bb6 a5 46. Ke3 Bb5 47. a4
Bd7 48. Nc4 Bxh3 49. Nxa5 Bc8 50. Nc4 g4 51. Ng1 Kh4 52. Nb2 Bd7 53. Nd3 Ba3
54. Ne2 g3 55. Nc3 Kh3 56. b4 Ng5 0-1

[Event "4NCL Division 3"]
[Site "Daventry Court ENG"]
[Date "2015.05.02"]
[Round "9.196"]
[White "Kendall, Paul SN"]
[Black "Valentine, Brian"]
[Result "1-0"]
[WhiteElo "2010"]
[BlackElo "1977"]
[PlyCount "59"]
[EventDate "2015.05.02"]
[WhiteTeam "North East England 2"]
[BlackTeam "MK Phoenix 2"]

1. e4 e5 2. Nf3 Nc6 3. d4 exd4 4. Bc4 Nf6 5. e5 d5 6. Bb5 Ne4 7. Nxd4 Bd7 8.
Bxc6 bxc6 9. O-O Bc5 10. Be3 Bb6 11. Nc3 Nxc3 12. bxc3 Qe7 13. f4 O-O 14. Qd2
f6 15. exf6 Rxf6 16. Bf2 Rf7 17. a4 a5 18. Nf3 Qd6 19. Ne5 Re7 20. c4 d4 21.
Rae1 Rae8 22. Bh4 Re6 23. Qd3 c5 24. Bg3 Rd8 25. f5 Ree8 26. f6 Rxe5 27. Bxe5
Qc6 28. Qg3 g6 29. f7+ Kf8 30. Qg5 1-0

[Event "4NCL Division 3"]
[Site "Daventry Court ENG"]
[Date "2015.05.02"]
[Round "9.197"]
[White "Majer, Chris"]
[Black "Robson, Paul E"]
[Result "0-1"]
[WhiteElo "1945"]
[BlackElo "1893"]
[PlyCount "104"]
[EventDate "2015.05.02"]
[WhiteTeam "MK Phoenix 2"]
[BlackTeam "North East England 2"]

1. e4 c5 2. Nc3 g6 3. f4 Bg7 4. Nf3 Nc6 5. Bb5 Nd4 6. Nxd4 cxd4 7. Ne2 Nf6 8.
Bd3 Qb6 9. b3 d6 10. Bb2 e5 11. O-O O-O 12. Qe1 Nxe4 13. Bxe4 d3+ 14. Kh1 dxe2
15. Qxe2 f6 16. f5 Bxf5 17. Bxf5 gxf5 18. Rxf5 Qc6 19. Rc1 Rad8 20. h3 Rf7 21.
d3 d5 22. Qf2 d4 23. Re1 Rdd7 24. Re2 Bh6 25. Qf3 Qxf3 26. Rxf3 Be3 27. Rf1 Rc7
28. Bc1 Bxc1 29. Rxc1 Rc6 30. Rf1 Rfc7 31. Rff2 Kg7 32. Kh2 b5 33. Kg3 Ra6 34.
Re4 Rxa2 35. Rg4+ Kf7 36. Rh4 Ke6 37. Rh6 Rf7 38. Kf3 a5 39. Ke4 a4 40. bxa4
bxa4 41. Rf5 Ke7 42. Rfh5 Rxc2 43. Rxh7 a3 44. Rxf7+ Kxf7 45. Rh7+ Ke6 46. Ra7
Re2+ 47. Kf3 Re3+ 48. Kf2 Rxd3 49. h4 Kf5 50. Ra6 Rd2+ 51. Ke1 Rxg2 52. Rxa3
Rh2 0-1

[Event "4NCL Division 3"]
[Site "Daventry Court ENG"]
[Date "2015.05.02"]
[Round "9.199"]
[White "Shaw, John"]
[Black "Robinson, Brian"]
[Result "1-0"]
[WhiteElo "1726"]
[BlackElo "1587"]
[PlyCount "77"]
[EventDate "2015.05.02"]
[WhiteTeam "MK Phoenix 2"]
[BlackTeam "North East England 2"]

1. d4 e6 2. Nf3 f5 3. Nc3 Nf6 4. Bg5 Be7 5. Bxf6 Bxf6 6. e4 fxe4 7. Nxe4 O-O 8.
Bd3 b6 9. c3 Bb7 10. Qc2 g6 11. h4 Rf7 12. h5 g5 13. h6 Bxe4 14. Bxe4 d5 15.
Bd3 Nd7 16. O-O-O c5 17. Qe2 Nf8 18. Rh5 cxd4 19. cxd4 Qe7 20. Ne5 Qc7+ 21. Kb1
Bxe5 22. Qxe5 Qxe5 23. dxe5 Nd7 24. Rxg5+ Kh8 25. f3 Rg8 26. Rxg8+ Kxg8 27. Rc1
Nxe5 28. Rc8+ Rf8 29. Bxh7+ Kf7 30. Rxf8+ Kxf8 31. Bc2 Nf7 32. h7 Kg7 33. f4
Kf6 34. g4 Kg7 35. Kc1 e5 36. fxe5 Nxe5 37. Bf5 Nf7 38. Bc2 Ng5 39. Kd2 1-0

[Event "4NCL Division 3"]
[Site "Daventry Court ENG"]
[Date "2015.05.02"]
[Round "9.200"]
[White "Whitaker, Brian"]
[Black "Miller, Max C"]
[Result "0-1"]
[WhiteElo "1532"]
[BlackElo "1600"]
[PlyCount "122"]
[EventDate "2015.05.02"]
[WhiteTeam "North East England 2"]
[BlackTeam "MK Phoenix 2"]

1. e4 c5 2. Nc3 Nc6 3. f4 g6 4. Nf3 Bg7 5. Bb5 d6 6. Bxc6+ bxc6 7. O-O Nf6 8.
d3 O-O 9. Be3 Rb8 10. Rb1 Ng4 11. Bd2 c4 12. Qe2 Qb6+ 13. Kh1 cxd3 14. cxd3 Re8
15. h3 Nf6 16. Be3 Qc7 17. f5 Ba6 18. fxg6 hxg6 19. Qd2 Nh5 20. Rf2 Ng3+ 21.
Kg1 Qa5 22. Bd4 Rb7 23. Bxg7 Kxg7 24. Ng5 f6 25. Ne6+ Kf7 26. Nd4 c5 27. Nf3 g5
28. Nxg5+ Kg8 29. Rf3 Nh5 30. Ne6 Kf7 31. Qh6 Kxe6 32. Qxh5 Kd7 33. Qf7 Kd8 34.
h4 Qb4 35. h5 Qd4+ 36. Kh1 Qe5 37. h6 Qg5 38. Rh3 e6 39. Qh5 Qxh5 40. Rxh5 Rh8
41. Kg1 Rbh7 42. g4 Rxh6 43. Rxh6 Rxh6 44. Kg2 Bxd3 45. Rd1 c4 46. b3 Ke7 47.
Nb5 Bxe4+ 48. Kg3 cxb3 49. axb3 d5 50. b4 a6 51. Nc7 Rh1 52. Rxh1 Bxh1 53. Nxa6
d4 54. Nc5 e5 55. b5 Kd6 56. Nd3 Bd5 57. Nb4 Kc5 58. Nxd5 Kxd5 59. b6 Kc6 60.
b7 Kxb7 61. Kf3 Kc6 0-1

[Event "4NCL Division 3"]
[Site "Daventry Court ENG"]
[Date "2015.05.02"]
[Round "9.205"]
[White "Turner, John M"]
[Black "House, Glenn L"]
[Result "1/2-1/2"]
[WhiteElo "2027"]
[BlackElo "2275"]
[PlyCount "82"]
[EventDate "2015.05.02"]
[WhiteTeam "Holmes Chapel"]
[BlackTeam "Manchester Manticores 1"]

1. e4 c5 2. Nc3 e6 3. Nf3 d6 4. d4 cxd4 5. Nxd4 Nf6 6. g4 h6 7. Be3 a6 8. Bg2
Qc7 9. h3 b5 10. a3 Bb7 11. O-O Nbd7 12. Nde2 g5 13. f4 gxf4 14. Bxf4 Be7 15.
Qd2 O-O-O 16. Bxh6 Rdg8 17. Rad1 Ne5 18. b3 Nfxg4 19. hxg4 Rxg4 20. Bf4 Rhg8
21. Rf2 Bh4 22. Rdf1 Bxf2+ 23. Rxf2 f5 24. Qe3 Ng6 25. Bg3 f4 26. Nxf4 Nxf4 27.
Bxf4 Qg7 28. Qd2 e5 29. Bh6 Qg6 30. Rf8+ Rxf8 31. Bxf8 Kd7 32. Bh6 Rxg2+ 33.
Qxg2 Qxh6 34. Qf2 Qg5+ 35. Kf1 Qc1+ 36. Kg2 Qg5+ 37. Kf1 Qh5 38. Ke1 Qh1+ 39.
Kd2 Qh6+ 40. Qe3 Qh2+ 41. Qe2 Qh6+ 1/2-1/2

[Event "4NCL Division 3"]
[Site "Daventry Court ENG"]
[Date "2015.05.02"]
[Round "9.206"]
[White "Newton, Robert"]
[Black "Bennett, Patrick"]
[Result "1-0"]
[WhiteElo "2050"]
[BlackElo "1997"]
[PlyCount "57"]
[EventDate "2015.05.02"]
[WhiteTeam "Manchester Manticores 1"]
[BlackTeam "Holmes Chapel"]

1. d4 d5 2. c4 e6 3. Nc3 Nf6 4. cxd5 exd5 5. Qc2 c6 6. Bg5 Be7 7. e3 Nbd7 8.
Nf3 h6 9. Bf4 O-O 10. h3 Re8 11. g4 Nf8 12. Bd3 Bd6 13. Ne5 Ne6 14. O-O-O c5
15. Nxf7 Kxf7 16. Bg6+ Kf8 17. Bxd6+ Qxd6 18. dxc5 Qxc5 19. Bxe8 Kxe8 20. Rhe1
b5 21. Kb1 Bb7 22. Qf5 Kf7 23. Rc1 d4 24. Qxe6+ Kxe6 25. exd4+ Be4+ 26. Rxe4+
Nxe4 27. dxc5 Nxf2 28. Nxb5 Rb8 29. c6 1-0

[Event "4NCL Division 3"]
[Site "Daventry Court ENG"]
[Date "2015.05.02"]
[Round "9.207"]
[White "Doran, Chris"]
[Black "Mulleady, Peter.J"]
[Result "1-0"]
[WhiteElo "2011"]
[BlackElo "2042"]
[PlyCount "45"]
[EventDate "2015.05.02"]
[WhiteTeam "Holmes Chapel"]
[BlackTeam "Manchester Manticores 1"]

1. e4 Nf6 2. e5 Nd5 3. d4 d6 4. Nf3 dxe5 5. Nxe5 Bf5 6. Qf3 e6 7. Bd3 Qf6 8.
O-O Bg6 9. Qh3 Bxd3 10. Qxd3 c6 11. Qb3 Qe7 12. c4 Nb6 13. c5 Nd5 14. Nc3 Nxc3
15. bxc3 Na6 16. Bf4 O-O-O 17. Rab1 f6 18. Nxc6 bxc6 19. Qa4 Nc7 20. Qxa7 e5
21. dxe5 Nb5 22. Qa8+ Kd7 23. Rfd1+ 1-0

[Event "4NCL Division 3"]
[Site "Daventry Court ENG"]
[Date "2015.05.02"]
[Round "9.208"]
[White "Burns, Martin"]
[Black "Scattergood, Ben"]
[Result "1-0"]
[WhiteElo "1982"]
[BlackElo "2006"]
[PlyCount "73"]
[EventDate "2015.05.02"]
[WhiteTeam "Manchester Manticores 1"]
[BlackTeam "Holmes Chapel"]

1. e4 e6 2. d4 d5 3. Nd2 Nf6 4. e5 Nfd7 5. Bd3 c5 6. c3 Nc6 7. Ne2 cxd4 8. cxd4
f6 9. exf6 Nxf6 10. Nf3 Bd6 11. Bf4 O-O 12. Bxd6 Qxd6 13. O-O Bd7 14. Rc1 Nb4
15. Bb1 Bb5 16. Re1 Ng4 17. Ng3 h5 18. a3 Nc6 19. Qc2 Nf6 20. Nxh5 Ne4 21. Rxe4
dxe4 22. Qxe4 Rf5 23. Ng3 Raf8 24. Nxf5 exf5 25. Ba2+ Kh8 26. Qh4+ Qh6 27.
Qxh6+ gxh6 28. d5 Na5 29. Rc5 a6 30. b4 b6 31. Rc1 Nb7 32. Nd4 Bd3 33. h3 Nd6
34. Rc6 Ne4 35. Rxh6+ Kg7 36. Rxb6 Rc8 37. Rc6 1-0

[Event "4NCL Division 3"]
[Site "Daventry Court ENG"]
[Date "2015.05.02"]
[Round "9.209"]
[White "Pearson, Raymond"]
[Black "Coward, Neil"]
[Result "1-0"]
[WhiteElo "1898"]
[BlackElo "1967"]
[PlyCount "93"]
[EventDate "2015.05.02"]
[WhiteTeam "Holmes Chapel"]
[BlackTeam "Manchester Manticores 1"]

1. c4 c5 2. Nf3 Nf6 3. Nc3 g6 4. e3 Bg7 5. d4 cxd4 6. exd4 O-O 7. Bg5 Qa5 8.
Qd2 d6 9. Be2 Bg4 10. O-O Nc6 11. d5 Bxf3 12. Bxf3 Ne5 13. Be2 Rac8 14. Ne4
Qxd2 15. Nxd2 h6 16. Be3 b6 17. h3 Rc7 18. f4 Ned7 19. Rae1 Nc5 20. Bxc5 Rxc5
21. Bf3 Re8 22. Re2 h5 23. Rfe1 Kf8 24. g4 hxg4 25. hxg4 Ng8 26. Ne4 Rcc8 27.
g5 f6 28. gxf6 Nxf6 29. b3 Bh6 30. Ng5 Bxg5 31. fxg5 Nh7 32. Rg2 Kg7 33. Re6
Nf8 34. Re3 Rc7 35. Bg4 Nh7 36. Be6 Rf8 37. Rg4 Rb7 38. Kg2 Re8 39. Kg3 Nf8 40.
Rh4 Nh7 41. Kg4 Rf8 42. Reh3 Rh8 43. Rf3 Nf8 44. Rf7+ Kg8 45. Rxf8+ Kxf8 46.
Rxh8+ Kg7 47. Rg8+ 1-0

[Event "4NCL Division 3"]
[Site "Daventry Court ENG"]
[Date "2015.05.02"]
[Round "9.210"]
[White "Whitehead, Mark.A"]
[Black "Roberts, Malcolm A"]
[Result "1-0"]
[WhiteElo "2005"]
[BlackElo "1826"]
[PlyCount "95"]
[EventDate "2015.05.02"]
[WhiteTeam "Manchester Manticores 1"]
[BlackTeam "Holmes Chapel"]

1. e4 e6 2. Qe2 Be7 3. g3 b6 4. Bg2 Bb7 5. Nh3 d5 6. e5 Nc6 7. c3 Nh6 8. d3 Nf5
9. O-O O-O 10. Nd2 Rb8 11. Nf3 h6 12. Bd2 a6 13. Rad1 Na7 14. g4 Nh4 15. Nxh4
Bxh4 16. f4 Be7 17. g5 hxg5 18. Nxg5 g6 19. Qg4 Bxg5 20. fxg5 Kg7 21. Rf2 Nc6
22. Qh4 Rh8 23. Qf4 Qe7 24. Rdf1 Rbf8 25. c4 Nd8 26. Bc3 c6 27. cxd5 cxd5 28.
Bb4 Qe8 29. Qf6+ Kg8 30. Bxf8 Qxf8 31. Qxg6+ Qg7 32. Qxg7+ Kxg7 33. Rf4 a5 34.
h4 Ba6 35. R1f3 Rf8 36. Bh3 Bc8 37. h5 Nc6 38. d4 Ne7 39. Rb3 Rh8 40. Bg4 Nc6
41. Rxb6 Nb4 42. a3 Nd3 43. Rf6 Rd8 44. h6+ Kg8 45. Bh5 Rd7 46. Rd6 Rc7 47.
Bxf7+ Kh7 48. Bg6+ 1-0

[Event "4NCL Division 3"]
[Site "Daventry Court ENG"]
[Date "2015.05.02"]
[Round "9.215"]
[White "Livesey, Nigel.R"]
[Black "Willmoth, Rob"]
[Result "0-1"]
[WhiteElo "1825"]
[BlackElo "2215"]
[PlyCount "48"]
[EventDate "2015.05.02"]
[WhiteTeam "Manchester Manticores 3"]
[BlackTeam "Barnet Knights 1"]

1. c4 d6 2. g3 e5 3. Bg2 f5 4. Nc3 Nf6 5. e3 Be7 6. Nge2 O-O 7. O-O c6 8. d4
Qe8 9. f4 Na6 10. Rb1 Nc7 11. Bd2 Be6 12. fxe5 dxe5 13. b3 Rd8 14. Qe1 Bc8 15.
dxe5 Ng4 16. Nd4 Nxe5 17. Nce2 Ng4 18. h3 Ne5 19. Bc3 c5 20. Nxf5 Bg5 21. Bxe5
Qxe5 22. e4 Bd2 23. Qd1 Bxf5 24. Rxf5 Rxf5 0-1

[Event "4NCL Division 3"]
[Site "Daventry Court ENG"]
[Date "2015.05.02"]
[Round "9.216"]
[White "Klingher, Dominic"]
[Black "Pardoe, David"]
[Result "0-1"]
[WhiteElo "1862"]
[BlackElo "1765"]
[PlyCount "104"]
[EventDate "2015.05.02"]
[WhiteTeam "Barnet Knights 1"]
[BlackTeam "Manchester Manticores 3"]

1. e4 d5 2. exd5 Qxd5 3. Nc3 Qa5 4. Rb1 c6 5. Nf3 Nf6 6. b4 Qc7 7. Bc4 Bf5 8.
b5 e6 9. O-O Bd6 10. bxc6 bxc6 11. h3 O-O 12. Nd4 Nbd7 13. Nxf5 exf5 14. Qf3
Ne5 15. Qe2 Nxc4 16. Qxc4 Rfe8 17. Ne2 Re4 18. Nd4 c5 19. Qa6 cxd4 20. Rb5 Re6
21. Qa4 Qc6 22. Qb3 Rae8 23. Rxf5 Re1 24. Qd3 Qe4 25. Qxe4 R8xe4 26. g3 h6 27.
d3 R4e2 28. Bxh6 Rxf1+ 29. Kxf1 Rxc2 30. Bg5 Rxa2 31. Bxf6 gxf6 32. Rd5 Bf8 33.
Rxd4 a5 34. Rd8 a4 35. d4 a3 36. d5 Kg7 37. d6 Rd2 38. d7 Bc5 39. Ke1 Rd5 40.
Ke2 Be7 41. Ra8 Rxd7 42. f4 Rb7 43. f5 Bd6 44. Ra4 Rb2+ 45. Kf3 a2 46. g4 Be5
47. g5 a1=Q 48. gxf6+ Kxf6 49. Rxa1 Rb3+ 50. Kg4 Bxa1 51. h4 Rb4+ 52. Kh5 Kxf5
0-1

[Event "4NCL Division 3"]
[Site "Daventry Court ENG"]
[Date "2015.05.02"]
[Round "9.217"]
[White "Pollard, Mathew.B"]
[Black "Karia, Rishul"]
[Result "0-1"]
[WhiteElo "1765"]
[BlackElo "1817"]
[PlyCount "66"]
[EventDate "2015.05.02"]
[WhiteTeam "Manchester Manticores 3"]
[BlackTeam "Barnet Knights 1"]

1. c4 Nf6 2. g3 g6 3. Bg2 Bg7 4. Nc3 c5 5. e4 d6 6. Nge2 e5 7. O-O Be6 8. d3
Qd7 9. f4 Nc6 10. Nd5 Bg4 11. Bf3 Bh3 12. Bg2 Bxg2 13. Kxg2 h5 14. fxe5 Nxd5
15. cxd5 Nxe5 16. Nc3 h4 17. Bf4 hxg3 18. Bxg3 Ng4 19. Rf3 Ne5 20. Bxe5 Bxe5
21. h3 O-O-O 22. Qa4 Qxa4 23. Nxa4 f6 24. Rc1 g5 25. Rff1 g4 26. hxg4 Rh2+ 27.
Kf3 Rdh8 28. g5 R8h3+ 29. Kg4 Rg3+ 30. Kf5 Rxg5+ 31. Ke6 Rh8 32. Nxc5 dxc5 33.
Rxc5+ Kd8 0-1

[Event "4NCL Division 3"]
[Site "Daventry Court ENG"]
[Date "2015.05.02"]
[Round "9.218"]
[White "Pollack, Oscar"]
[Black "Stephens, Ian Paul"]
[Result "1-0"]
[WhiteElo "1795"]
[BlackElo "1727"]
[PlyCount "140"]
[EventDate "2015.05.02"]
[WhiteTeam "Barnet Knights 1"]
[BlackTeam "Manchester Manticores 3"]

1. Nf3 Nf6 2. g3 g6 3. Bg2 Bg7 4. d4 O-O 5. c4 d6 6. Nc3 Nbd7 7. O-O a6 8. e4
e5 9. d5 Rb8 10. a4 b6 11. b4 h6 12. Ne1 Kh7 13. Nd3 Rh8 14. f3 Kg8 15. Be3 Nf8
16. a5 bxa5 17. Rxa5 g5 18. Ra3 Ng6 19. c5 Ne8 20. c6 h5 21. f4 gxf4 22. gxf4
exf4 23. Nxf4 Be5 24. Nxg6 fxg6 25. Bd4 Bg4 26. Qd2 Bc8 27. Bxe5 dxe5 28. Na4
Nd6 29. Nc5 Qe7 30. Rc3 Kg7 31. Rcf3 Bg4 32. Rf6 Rbf8 33. Ne6+ Bxe6 34. Rxe6
Rxf1+ 35. Bxf1 Qf7 36. Qg5 Qf2+ 37. Kxf2 Nxe4+ 38. Ke3 Nxg5 39. Re7+ Kf6 40.
Rxc7 Rd8 41. h4 Nf7 42. Bxa6 Nd6 43. b5 Nc4+ 44. Kf2 Rxd5 45. Rd7 Rxd7 46. cxd7
Ke7 47. Bc8 Nb6 48. Ke3 Nc4+ 49. Kd3 Nb6 50. Ke4 Nc4 51. Kd5 Nb6+ 52. Kxe5 Na8
53. Bb7 Nb6 54. Bc6 Nc4+ 55. Kf4 Kd8 56. Kg5 Ne5 57. Kf6 Nd3 58. Kxg6 Nf4+ 59.
Kg5 Ne6+ 60. Kxh5 Ke7 61. Kg4 Nd8 62. h5 Kf6 63. Be4 Nf7 64. Bf5 Ke7 65. b6 Kd8
66. Be6 Ne5+ 67. Kf5 Nc6 68. h6 Nd4+ 69. Ke5 Nxe6 70. h7 Nf8 1-0

[Event "4NCL Division 3"]
[Site "Daventry Court ENG"]
[Date "2015.05.02"]
[Round "9.219"]
[White "Jerzynek, Neil"]
[Black "Sanitt, Leo"]
[Result "0-1"]
[WhiteElo "1652"]
[BlackElo "1772"]
[PlyCount "40"]
[EventDate "2015.05.02"]
[WhiteTeam "Manchester Manticores 3"]
[BlackTeam "Barnet Knights 1"]

1. e4 d5 2. d4 dxe4 3. Nc3 Nf6 4. f3 exf3 5. Nxf3 e6 6. Bd3 c6 7. O-O Be7 8.
Ne4 Nxe4 9. Bxe4 Nd7 10. c4 O-O 11. Qc2 Nf6 12. Bd3 h6 13. Qf2 e5 14. Bxh6 Ng4
15. Qg3 Nxh6 16. Nxe5 Qxd4+ 17. Kh1 Bd6 18. Rfe1 f5 19. Rad1 Ng4 20. Bxf5 Nf2+
0-1

[Event "4NCL Division 3"]
[Site "Daventry Court ENG"]
[Date "2015.05.02"]
[Round "9.225"]
[White "Csom, Etelka"]
[Black "Donaghay, Richard H"]
[Result "0-1"]
[WhiteElo "2056"]
[BlackElo "1934"]
[PlyCount "66"]
[EventDate "2015.05.02"]
[WhiteTeam "The Full Ponty"]
[BlackTeam "Iceni 2"]

1. e4 d6 2. d4 Nf6 3. Nc3 g6 4. f3 c6 5. Be3 Nbd7 6. Qd2 b5 7. d5 cxd5 8. Nxd5
Nxd5 9. Qxd5 Rb8 10. Ne2 Bg7 11. Nd4 Bb7 12. Qxb5 Ba8 13. Qa4 O-O 14. Bb5 Nc5
15. Qc4 a6 16. Bxa6 Qa5+ 17. c3 Qxa6 18. Qxa6 Nxa6 19. b4 Rfc8 20. Kd2 Rc4 21.
a4 Bxd4 22. Bxd4 Nxb4 23. Ba7 Rb7 24. cxb4 Rxa7 25. Rhb1 d5 26. exd5 Bxd5 27.
a5 Rd7 28. Ke3 f5 29. a6 f4+ 30. Ke2 Rc2+ 31. Ke1 Bc4 32. b5 Re2+ 33. Kf1 Rdd2
0-1

[Event "4NCL Division 3"]
[Site "Daventry Court ENG"]
[Date "2015.05.02"]
[Round "9.226"]
[White "Lightfoot, Malcolm J"]
[Black "Davies, Peter"]
[Result "1/2-1/2"]
[WhiteElo "1867"]
[BlackElo "1971"]
[PlyCount "81"]
[EventDate "2015.05.02"]
[WhiteTeam "Iceni 2"]
[BlackTeam "The Full Ponty"]

1. e4 c5 2. Nf3 Nc6 3. d4 cxd4 4. Nxd4 Nf6 5. Nc3 d6 6. Bg5 e6 7. Qd2 Be7 8.
O-O-O a6 9. f4 Qc7 10. Be2 Bd7 11. Bxf6 gxf6 12. Bh5 Nxd4 13. Qxd4 Bc6 14. f5
Kf8 15. Rhf1 Qa5 16. Kb1 Qe5 17. Qd2 h6 18. Rf4 Rd8 19. Re1 b5 20. Bf3 b4 21.
Nd5 a5 22. g3 Rb8 23. fxe6 fxe6 24. Nxe7 Kxe7 25. Rh4 Qg5 26. Qf2 Qc5 27. Qxc5
dxc5 28. Kc1 Rbd8 29. Rd1 Rxd1+ 30. Kxd1 e5 31. Ke2 Kf7 32. Bh5+ Kf8 33. Ke3
Bd7 34. Bg6 Be6 35. a3 Kg7 36. Bf5 Bc4 37. Rg4+ Kf8 38. axb4 cxb4 39. b3 Bb5
40. Be6 Be8 41. Bd5 1/2-1/2

[Event "4NCL Division 3"]
[Site "Daventry Court ENG"]
[Date "2015.05.02"]
[Round "9.227"]
[White "Perrett, David C"]
[Black "Jones, Robert L"]
[Result "1-0"]
[WhiteElo "1953"]
[BlackElo "1856"]
[PlyCount "88"]
[EventDate "2015.05.02"]
[WhiteTeam "The Full Ponty"]
[BlackTeam "Iceni 2"]

1. d4 e6 2. Nf3 d5 3. g3 Nf6 4. Bg2 b6 5. O-O Bb7 6. Bg5 Be7 7. Ne5 O-O 8. c4
Nbd7 9. Nc3 c6 10. Rc1 Nxe5 11. dxe5 Nd7 12. Bxe7 Qxe7 13. cxd5 exd5 14. e4
dxe4 15. Nxe4 Nxe5 16. Qd6 Qxd6 17. Nxd6 Ba6 18. Rfd1 Rad8 19. Be4 c5 20. Nf5
g6 21. Ne3 Be2 22. Rd5 Rxd5 23. Bxd5 Rd8 24. Kg2 Rxd5 25. Nxd5 Bf3+ 26. Kf1
Bxd5 27. Re1 Nf3 28. Re8+ Kg7 29. a3 Nxh2+ 30. Ke2 a5 31. Kd2 b5 32. Rc8 Ng4
33. Rxc5 Bc4 34. f3 Nh2 35. a4 Nxf3+ 36. Ke3 Ne1 37. axb5 Bxb5 38. Rxb5 a4 39.
Ra5 a3 40. bxa3 Nc2+ 41. Kd2 Nxa3 42. Rxa3 h5 43. Ke3 g5 44. Kf3 f5 1-0

[Event "4NCL Division 3"]
[Site "Daventry Court ENG"]
[Date "2015.05.02"]
[Round "9.230"]
[White "Rowles, Sarah"]
[Black "Allford, Zane"]
[Result "0-1"]
[WhiteElo "1525"]
[BlackElo "1751"]
[PlyCount "78"]
[EventDate "2015.05.02"]
[WhiteTeam "Iceni 2"]
[BlackTeam "The Full Ponty"]

1. d4 d5 2. e3 e6 3. Bd3 c6 4. Nd2 Bd6 5. Ngf3 f5 6. O-O Nf6 7. Re1 O-O 8. Qe2
Nbd7 9. Ng5 Ne4 10. f4 Nxg5 11. fxg5 Qxg5 12. Nf3 Qh5 13. Qf2 g5 14. Kh1 Nf6
15. Ne5 Ng4 16. Qg1 Nxe5 17. dxe5 Bxe5 18. Be2 g4 19. c3 Rf6 20. g3 Qf7 21. Bd2
h5 22. Rf1 Qh7 23. Rf2 h4 24. gxh4 Qxh4 25. Rg2 Rg6 26. Be1 Qh7 27. Bf2 Kf7 28.
Rf1 Ke7 29. Rd1 Bd7 30. Bf1 Rh8 31. Rd2 c5 32. Bd3 Bc6 33. Re2 c4 34. Bc2 d4
35. exd4 Bxg2+ 36. Qxg2 Qxh2+ 37. Qxh2 Rxh2+ 38. Kg1 Bg3 39. Bxf5 Rxf2 0-1

[Event "4NCL Division 3"]
[Site "Daventry Court ENG"]
[Date "2015.05.02"]
[Round "9.235"]
[White "Anilkumar, Anantha P (jnr)"]
[Black "McCarthy, Damian"]
[Result "0-1"]
[WhiteElo "1967"]
[BlackElo "1915"]
[PlyCount "72"]
[EventDate "2015.05.02"]
[WhiteTeam "KJCA Knights"]
[BlackTeam "Bradford DCA Knights B"]

1. e4 c5 2. Nf3 Nc6 3. d4 cxd4 4. Nxd4 g6 5. c4 Bg7 6. Be3 Nf6 7. Nc3 Ng4 8.
Qxg4 Nxd4 9. Qd1 Ne6 10. Be2 Bxc3+ 11. bxc3 Qc7 12. O-O b6 13. Qd3 Ba6 14. Rab1
Nf4 15. Bxf4 Qxf4 16. Rfd1 Qc7 17. Qd4 Rg8 18. Rd2 d6 19. c5 Bxe2 20. cxb6 Qc4
21. b7 Rb8 22. Qxa7 Kd7 23. Qe3 Bg4 24. e5 Be6 25. exd6 exd6 26. Rb6 d5 27. Rb4
Qc7 28. c4 Rxb7 29. Rxb7 Qxb7 30. Qd3 Rb8 31. Rd1 Ke7 32. cxd5 Bxd5 33. Qa3+
Qb4 34. Qa7+ Rb7 35. Qe3+ Be6 36. Qg5+ f6 0-1

[Event "4NCL Division 3"]
[Site "Daventry Court ENG"]
[Date "2015.05.02"]
[Round "9.236"]
[White "Johnson, Paul"]
[Black "Hand, Freddie"]
[Result "0-1"]
[WhiteElo "1892"]
[BlackElo "1837"]
[PlyCount "58"]
[EventDate "2015.05.02"]
[WhiteTeam "Bradford DCA Knights B"]
[BlackTeam "KJCA Knights"]

1. d4 d5 2. Nf3 Nf6 3. c4 c6 4. e3 Bg4 5. Nc3 Nbd7 6. Qb3 Bxf3 7. gxf3 Qb6 8.
c5 Qc7 9. Qc2 e5 10. Bd2 g6 11. b4 Bg7 12. Na4 exd4 13. exd4 O-O 14. O-O-O Ne8
15. Be3 a5 16. b5 b6 17. h4 Rc8 18. bxc6 Qxc6 19. Bh3 f5 20. f4 bxc5 21. dxc5
Rf7 22. h5 d4 23. hxg6 hxg6 24. Bd2 Nxc5 25. Nxc5 Qb6 26. Bf1 Rxc5 27. Bc4 d3
28. Qb3 Rxc4+ 29. Kb1 Qd4 0-1

[Event "4NCL Division 3"]
[Site "Daventry Court ENG"]
[Date "2015.05.02"]
[Round "9.237"]
[White "Mao, Ximan"]
[Black "Patrick, David A"]
[Result "1-0"]
[WhiteElo "1695"]
[BlackElo "1876"]
[PlyCount "89"]
[EventDate "2015.05.02"]
[WhiteTeam "KJCA Knights"]
[BlackTeam "Bradford DCA Knights B"]

1. d4 d5 2. c4 c6 3. Nf3 Nf6 4. Nc3 a6 5. Bg5 Ne4 6. Bf4 Nxc3 7. bxc3 dxc4 8.
Bxb8 Rxb8 9. Ne5 Qd5 10. e4 Qxe4+ 11. Qe2 Qxe2+ 12. Bxe2 b5 13. Nxc6 Rb6 14.
Bf3 Bf5 15. O-O e6 16. a3 Bd6 17. Rfe1 O-O 18. Ne5 Rd8 19. g4 Bc2 20. Nc6 Rc8
21. Ne5 Rc7 22. d5 f6 23. Nc6 e5 24. Be4 Bxe4 25. Rxe4 Rbxc6 26. dxc6 Rxc6 27.
a4 b4 28. cxb4 Bxb4 29. Rc1 a5 30. Rexc4 Rd6 31. Rc8+ Kf7 32. R1c7+ Kg6 33. Rg8
Kg5 34. Rgxg7+ Kf4 35. Kg2 e4 36. Rc4 Re6 37. f3 h6 38. Kf2 Bd6 39. Rg6 h5 40.
gxh5 Kf5 41. fxe4+ Kf4 42. h6 Bb4 43. h7 Rd6 44. e5+ Kxe5 45. h8=Q 1-0

[Event "4NCL Division 3"]
[Site "Daventry Court ENG"]
[Date "2015.05.02"]
[Round "9.238"]
[White "Dean, Robert A"]
[Black "Green, Emily"]
[Result "1-0"]
[WhiteElo "1847"]
[BlackElo "1637"]
[PlyCount "31"]
[EventDate "2015.05.02"]
[WhiteTeam "Bradford DCA Knights B"]
[BlackTeam "KJCA Knights"]

1. e4 e5 2. Nf3 Nc6 3. Bb5 Nf6 4. O-O Nxe4 5. d4 Nxd4 6. Nxd4 exd4 7. Re1 f5 8.
f3 c6 9. fxe4 cxb5 10. exf5+ Be7 11. Bg5 Qb6 12. Rxe7+ Kf8 13. Qh5 d3+ 14. Kh1
g6 15. Qh6+ Kg8 16. Qg7# 1-0